000 00594nam a2200181Ia 4500
003 GCL
008 140319s9999 xx 000 0 ara d
040 _aGCL /
_cGCL
082 0 4 _a416
_bر ف
100 1 _aرجاء السيد الجوهرى
245 1 0 _aفن الرجز فى العصر العباسى /
_cرجاء السيد الجوهرى
260 _a[S.N] :
_bمنشاة المعارف الاسلامية
300 _a551
490 _aكتب البلاغة والادب والنقد
_v0
650 0 4 _aالشعر العربى
650 0 4 _aالادب العربى
942 _2ddc
_cBK
999 _c32255
_d32255